Statistics for Bay, Island, Lake, Mountain, or River - European Geography Click Quiz

Click here to take the quiz!

General Stats

  • This quiz has been taken 141 times
  • The average score is 21 of 30

Answer Stats

HintAnswer% Correct
OlympusMountain
92%
BlancMountain
92%
MajorcaIsland
90%
EtnaMountain
89%
MatterhornMountain
89%
CorsicaIsland
88%
SantoriniIsland
86%
BiscayBay
84%
GenevaLake
84%
MadeiraIsland
80%
DnieperRiver
80%
ComoLake
78%
ElbrusMountain
76%
LucerneLake
75%
OderRiver
75%
DonRiver
72%
BothniaBay
71%
ElbeRiver
69%
VistulaRiver
68%
MainRiver
67%
SkyeIsland
64%
CadizBay
59%
MilosIsland
58%
KotorBay
45%
VeniceBay
45%
HvarIsland
41%
SaimaaLake
41%
RosaMountain
36%
AnnecyLake
34%
HornindalsvatnetLake
30%

Score Distribution

Percentile by Number Answered

Percent of People with Each Score

Your Score History

You have not taken this quiz